| 000 | 00964nas a2200313 4500 | ||
|---|---|---|---|
| 001 | BR2011008259 | ||
| 003 | BR-BrBNA | ||
| 005 | 20231205115238.0 | ||
| 007 | ta | ||
| 008 | 230509b bl.|||p| |||| 00| 00por d | ||
| 040 |
_aBR-BrBNA _bpor _cBiblioteca Nacional de Agricultura |
||
| 041 | _a(Pt) | ||
| 072 | _aE10 | ||
| 100 | 1 | _aMoreira, R.C. | |
| 100 | 1 | _aBraga, M.J. | |
| 100 | 1 | _aCarvalho, F.M.A. de | |
| 100 | 1 | _aLima, J.R.F. de | |
| 100 | 1 | _aSilva, J.M.A. da | |
| 245 | 1 | _aPolíticas públicas, distribuição de renda e pobreza no meio rural brasileiro no período de 1995 a 2005 | |
| 650 | _aPOLÍTICAS PÚBLICAS | ||
| 650 | _aPOPULAÇÃO RURAL | ||
| 650 | _aECONOMIA | ||
| 650 | _aCRESCIMENTO | ||
| 650 | _aPOBREZA | ||
| 650 | _aRENDA | ||
| 773 | 0 |
_tRevista de Economia e Sociologia Rural (Brazil) _xISSN 0103-2003 _g(Oct-Dec 2009), v. 47(4) p. 919-944 _wBR2011008259 |
|
| 909 |
_a202311 _bLúcia _c55 _dLúcia Elande |
||
| 942 |
_2AGRIS _n0 _cANA |
||
| 999 |
_c212811 _d212811 |
||